000 00388nam a22001577a 4500
003 OSt
005 20211002102739.0
008 211002b |||||||| |||| 00| 0 eng d
020 _a0704322978
040 _aHU
_cDDC
082 _a327.170956
245 _aTHE STRUGGLE FOR PEACE IN THE MIDDLE EAST
260 _aLONDON
_bQUARTER BOOKS
_c1981
300 _a340,P,34CM
942 _2ddc
_cBOOKS
_n0
999 _c8663
_d8663